|
|
|
|
| LEADER |
01535nam a2200397 a 4500 |
| 001 |
EBC668582 |
| 003 |
MiAaPQ |
| 005 |
20200520144314.0 |
| 006 |
m o d | |
| 007 |
cr cn||||||||| |
| 008 |
100716s2011 enka sb 001 0 eng d |
| 010 |
|
|
|z 2010029043
|
| 020 |
|
|
|z 9780415547918 (cloth : alk. paper)
|
| 020 |
|
|
|z 9780415547925 (limp : alk. paper)
|
| 020 |
|
|
|z 0203833139 (master e-book)
|
| 020 |
|
|
|a 9780203833131 (electronic bk.)
|
| 035 |
|
|
|a (MiAaPQ)EBC668582
|
| 035 |
|
|
|a (Au-PeEL)EBL668582
|
| 035 |
|
|
|a (CaPaEBR)ebr10462728
|
| 035 |
|
|
|a (CaONFJC)MIL310481
|
| 035 |
|
|
|a (OCoLC)713022983
|
| 040 |
|
|
|a MiAaPQ
|c MiAaPQ
|d MiAaPQ
|
| 043 |
|
|
|a ae-----
|
| 050 |
|
4 |
|a HC460.5
|b .H46 2011
|
| 082 |
0 |
4 |
|a 338.95
|2 22
|
| 100 |
1 |
|
|a Henderson, J. W.
|q (Jeffrey William),
|d 1947-
|
| 245 |
1 |
0 |
|a East Asian transformation
|h [electronic resource] :
|b on the political economy of dynamism, governance and crisis /
|c Jeffrey Henderson.
|
| 260 |
|
|
|a Milton Park, Abingdon, Oxon ;
|a New York :
|b Routledge,
|c 2011.
|
| 300 |
|
|
|a xiv, 164 p. :
|b ill.
|
| 504 |
|
|
|a Includes bibliographical references and index.
|
| 533 |
|
|
|a Electronic reproduction. Ann Arbor, MI : ProQuest, 2015. Available via World Wide Web. Access may be limited to ProQuest affiliated libraries.
|
| 651 |
|
0 |
|a East Asia
|x Economic policy.
|
| 651 |
|
0 |
|a East Asia
|x Economic conditions.
|
| 655 |
|
4 |
|a Electronic books.
|
| 710 |
2 |
|
|a ProQuest (Firm)
|
| 856 |
4 |
0 |
|u https://ebookcentral.proquest.com/lib/matrademy/detail.action?docID=668582
|z Click to View
|